[Event "GER-chT Betriebe 16th"]
[Site "Dresden"]
[Date "2016.11.03"]
[Round "1.4"]
[White "Launert, Martin"]
[Black "Kazemi Sresht, Rashid"]
[Result "1-0"]
[WhiteElo "1880"]
[BlackElo "1743"]
[PlyCount "142"]
[EventDate "2016.11.03"]
[EventType "team-swiss"]
[EventRounds "7"]
[EventCountry "GER"]
[SourceTitle "EXT 2020"]
[Source "ChessBase"]
[SourceDate "2019.10.17"]
[SourceVersion "1"]
[SourceVersionDate "2019.10.17"]
[SourceQuality "1"]
[WhiteTeam "Wiesbaden R+V Versicherung"]
[BlackTeam "Hamburg Unilever"]
[WhiteTeamCountry "GER"]
[BlackTeamCountry "GER"]

1. e4 c5 2. Nf3 d6 3. d4 cxd4 4. Nxd4 Nf6 5. Nc3 a6 6. Be3 Nc6 7. Be2 e6 8. Qd2 Be7 9. f4 Bd7 10. 0-0-0 Qa5 11. g4 e5 12. Nb3 Qc7 13. g5 Ng4 14. Nd5 Qb8 15. Bb6 Bd8 16. f5 Bxb6 17. Nxb6 Nf2 18. Nxa8 Nxh1 19. Rxh1 Qxa8 20. Qxd6 Qb8 21. Qc5 b6 22. Qa3 a5 23. Rd1 Qc7 24. c3 Nb8 25. Nd2 b5 26. Kb1 Qb6 27. c4 b4 28. Qd3 0-0 29. Nf1 a4 30. Ne3 a3 31. b3 Qc5 32. Rf1 Nc6 33. f6 Bh3 34. Rd1 Nd4 35. Nd5 g6 36. Qxh3 Ne6 37. Qe3 Qxe3 38. Nxe3 Nxg5 39. Bd3 Nf3 40. Nd5 Rb8 41. Bf1 Nd4 42. Rd3 h5 43. Kc1 Kh7 44. Kd2 Rb7 45. Bh3 Rb8 46. Bd7 Rb7 47. Ba4 Ne6 48. Bc6 Rb8 49. Ne3 Nc5 50. Rd6 Kh6 51. Bd5 Kg5 52. Rc6 Nd7 53. Bxf7 Nxf6 54. h4+ Kxh4 55. Rxf6 g5 56. Rh6 Rf8 57. Rxh5+ Kg3 58. Rh7 Rd8+ 59. Bd5 Rf8 60. Nf5+ Kf4 61. Rh1 g4 62. Rf1+ Kg5 63. Ke2 Rh8 64. Rf2 Rh1 65. Ne3 Ra1 66. Kd3 g3 67. Rg2 Kh4 68. c5 Rb1 69. c6 Rc1 70. Rc2 Rh1 71. c7 Rh2 1-0